[Event "Prague Summer op 7th"]
[Site "Prague"]
[Date "2020.08.09"]
[Round "3"]
[White "Miedema, David"]
[Black "Richter, Philipp2222"]
[Result "1/2-1/2"]
[WhiteElo "2382"]
[BlackElo "2202"]
[PlyCount "53"]
[EventDate "2020.08.08"]
[EventType "swiss"]
[EventRounds "9"]
[EventCountry "CZE"]
[SourceTitle "CBM 197 Extra"]
[Source "ChessBase"]
[SourceDate "2020.09.30"]
[SourceVersion "1"]
[SourceVersionDate "2020.09.30"]
[SourceQuality "1"]

1. e4 e6 2. d4 d5 3. Nc3 Bb4 4. e5 Ne7 5. a3 Bxc3+ 6. bxc3 c5 7. h4 Qc7 8. h5 cxd4 9. cxd4 Qc3+ 10. Bd2 Qxd4 11. Nf3 Qe4+ 12. Be2 Nf5 13. Kf1 b6 14. Bb5+ Nd7 15. Rb1 a5 16. Kg1 h6 17. Bc6 Ra7 18. Rxb6 0-0 19. Rb3 Nxe5 20. Nxe5 Qxe5 21. Bb5 Ba6 22. Bxa6 Rxa6 23. g4 Nd4 24. Re3 Qf6 25. c3 Nc6 26. Rg3 Rb6 27. g5 1/2-1/2

[Event "BL2-West 1920"]
[Site "Germany"]
[Date "2019.09.29"]
[Round "1.4"]
[White "Braun, Christian1111"]
[Black "Miedema, David"]
[Result "1-0"]
[WhiteElo "2412"]
[BlackElo "2357"]
[PlyCount "81"]
[EventDate "2019.09.19"]
[EventType "team-tourn"]
[EventRounds "9"]
[EventCountry "GER"]
[SourceTitle "EXT 2023"]
[Source "ChessBase"]
[SourceDate "2022.10.05"]
[SourceVersion "1"]
[SourceVersionDate "2022.10.05"]
[SourceQuality "1"]
[WhiteTeam "Koeln Porz"]
[BlackTeam "Duesseldorf"]
[WhiteTeamCountry "GER"]
[BlackTeamCountry "GER"]

1. e4 e6 2. d3 d5 3. Nd2 Nf6 4. Ngf3 c5 5. g3 Nc6 6. Bg2 Be7 7. 0-0 0-0 8. Re1 b5 9. e5 Nd7 10. Nf1 Qc7 11. Bf4 a5 12. h4 Ba6 13. h5 Rfc8 14. h6 g6 15. Ne3 Qd8 16. Ng4 b4 17. Qd2 Nd4 18. Ngh2 Nxf3+ 19. Nxf3 c4 20. dxc4 Rxc4 21. Bf1 Rc7 22. Bd3 a4 23. Bg5 Bxd3 24. Bxe7 Qxe7 25. cxd3 Rac8 26. Rac1 Nc5 27. Qxb4 Qf8 28. d4 Nd3 29. Qxf8+ Kxf8 30. Rxc7 Rxc7 31. Rb1 Rc2 32. b4 Ke7 33. b5 Kd7 34. Ng5 Nxf2 35. b6 Kc8 36. b7+ Kb8 37. Nxh7 Nh3+ 38. Kf1 a3 39. Rb3 Rf2+ 40. Ke1 Rb2 41. Rxa3 1-0

[Event "Helsingor Xtracon op"]
[Site "Helsingor"]
[Date "2019.07.21"]
[Round "2"]
[White "Machlik, Monika"]
[Black "Miedema, David"]
[Result "1-0"]
[WhiteElo "2083"]
[BlackElo "2387"]
[PlyCount "163"]
[EventDate "2019.07.20"]
[EventType "swiss"]
[EventRounds "10"]
[EventCountry "DEN"]
[SourceTitle "CBM 191 Extra"]
[Source "ChessBase"]
[SourceDate "2019.09.30"]
[SourceVersion "1"]
[SourceVersionDate "2019.09.30"]
[SourceQuality "1"]

1. d4 Nf6 2. c4 g6 3. Nc3 d5 4. Bf4 Bg7 5. Nf3 0-0 6. Rc1 c5 7. dxc5 Na6 8. cxd5 Nxc5 9. e3 Qa5 10. Bc4 b5 11. Bxb5 Nfe4 12. Nd4 Nxc3 13. bxc3 Bb7 14. 0-0 Bxd5 15. Bc6 Rad8 16. Bxd5 Rxd5 17. Nc6 Rxd1 18. Nxa5 Rxc1 19. Rxc1 Rc8 20. c4 Nd3 21. Rd1 Nxf4 22. exf4 Bc3 23. Nb3 Rxc4 24. Rc1 Rc7 25. Kf1 f5 26. Nd4 Ba5 27. Rxc7 Bxc7 28. Nc6 a6 29. Nxe7+ Kf7 30. Nd5 Bb8 31. g3 Ke6 32. Ne3 Kd6 33. Ke2 Kc5 34. Kd3 Bc7 35. Nc2 Bb6 36. f3 Kb5 37. h3 Bf2 38. g4 Kc5 39. gxf5 gxf5 40. Ke2 Bg1 41. Kd3 a5 42. Kc3 Bf2 43. Kb3 Kb5 44. Na3+ Kc5 45. Nc2 Kd5 46. Ka4 Kc4 47. Kxa5 Kd3 48. Nb4+ Ke3 49. Nd5+ Kxf3 50. Kb5 Kg3 51. a4 Be1 52. Nb4 Kxh3 53. a5 h5 54. a6 Bf2 55. Nd5 Ba7 56. Kc6 h4 57. Kb7 Kg3 58. Kxa7 h3 59. Kb6 h2 60. a7 h1Q 61. a8Q Qh6+ 62. Qc6 Qf8 63. Kb5 Kf3 64. Ne7+ Kg3 65. Nd5 Kf3 66. Kc4 Qa3 67. Kd4 Qa7+ 68. Ke5 Qg7+ 69. Kxf5 Qh7+ 70. Qg6 Qh4 71. Ke5 Qe1+ 72. Kd6 Qf1 73. Qh5+ Kg3 74. Qg5+ Kf3 75. f5 Qa6+ 76. Ke5 Qa1+ 77. Ke6 Qa6+ 78. Kf7 Ke4 79. Ne7 Qa2+ 80. Kg7 Ke5 81. f6+ Ke6 82. Qd5+ 1-0

[Event "Riga RTU rapid op"]
[Site "Riga"]
[Date "2019.07.04"]
[Round "6"]
[White "Smirnova, Ekaterina"]
[Black "Miedema, David"]
[Result "1/2-1/2"]
[WhiteElo "2134"]
[BlackElo "2313"]
[PlyCount "75"]
[EventDate "2019.07.04"]
[EventType "swiss (rapid)"]
[EventRounds "9"]
[EventCountry "LAT"]
[SourceTitle "EXT 2020"]
[Source "ChessBase"]
[SourceDate "2019.10.17"]
[SourceVersion "1"]
[SourceVersionDate "2019.10.17"]
[SourceQuality "1"]

1. d4 Nf6 2. c4 g6 3. Nc3 d5 4. e3 Bg7 5. cxd5 Nxd5 6. Nxd5 Qxd5 7. Ne2 0-0 8. Nc3 Qd6 9. Be2 Nd7 10. 0-0 c5 11. d5 Rd8 12. e4 e6 13. dxe6 Qxe6 14. Bg5 Re8 15. Nd5 Qxe4 16. Nc7 Qxe2 17. Qxe2 Rxe2 18. Nxa8 Nf8 19. Nc7 Ne6 20. Nxe6 Bxe6 21. Rad1 Bd4 22. Rd2 Rxd2 23. Bxd2 Bxa2 24. Ra1 Bd5 25. Bc3 Bxc3 26. bxc3 b5 27. Rxa7 b4 28. cxb4 cxb4 29. Ra5 Be6 30. Rb5 b3 31. f4 h5 32. Kf2 Kg7 33. Ke3 Kf6 34. g3 Bc4 35. Rb4 Be6 36. Rb5 Bc4 37. Rb4 Be6 38. Rb5 1/2-1/2

[Event "Hilversum op"]
[Site "Hilversum"]
[Date "2019.06.23"]
[Round "6"]
[White "Miedema, David"]
[Black "Van Wely, Loek"]
[Result "0-1"]
[WhiteElo "2374"]
[BlackElo "2604"]
[PlyCount "60"]
[EventDate "2019.06.21"]
[EventType "swiss"]
[EventRounds "6"]
[EventCountry "NED"]
[SourceTitle "CBM 191 Extra"]
[Source "ChessBase"]
[SourceDate "2019.09.30"]
[SourceVersion "1"]
[SourceVersionDate "2019.09.30"]
[SourceQuality "1"]

1. e4 c5 2. Nf3 d6 3. d4 cxd4 4. Nxd4 Nf6 5. Nc3 a6 6. Be3 e5 7. Nb3 Be6 8. f3 h5 9. Nd5 Bxd5 10. exd5 Nbd7 11. Qd2 b6 12. 0-0-0 g6 13. Kb1 Bg7 14. Be2 Nc5 15. Nxc5 bxc5 16. Qd3 0-0 17. g4 Rb8 18. Qa3 e4 19. gxh5 exf3 20. Bxf3 Ne4 21. Bc1 Nc3+ 22. Ka1 Nxd1 23. Bxd1 Qf6 24. hxg6 Qxg6 25. Qh3 Rfe8 26. c3 Re5 27. Qf1 Rbe8 28. Bd2 Rxd5 29. Rg1 Rf5 30. Qxf5 Qxf5 0-1

[Event "Kragero op"]
[Site "Kragero"]
[Date "2019.02.24"]
[Round "9"]
[White "Stefansson, Vignir Vatnar"]
[Black "Miedema, David"]
[Result "1/2-1/2"]
[WhiteElo "2263"]
[BlackElo "2356"]
[PlyCount "47"]
[EventDate "2019.02.20"]
[EventType "swiss"]
[EventRounds "9"]
[EventCountry "NOR"]
[SourceTitle "CBM 189 Extra"]
[Source "ChessBase"]
[SourceDate "2019.06.03"]
[SourceVersion "1"]
[SourceVersionDate "2019.06.03"]
[SourceQuality "1"]

1. d4 Nf6 2. c4 e6 3. g3 d5 4. Bg2 dxc4 5. Nf3 Nc6 6. 0-0 Rb8 7. a4 Na5 8. Na3 a6 9. Ne5 Nb3 10. Rb1 Bxa3 11. bxa3 Qxd4 12. Nxc4 Qxd1 13. Rxd1 Nxc1 14. Rdxc1 Nd7 15. Na5 c6 16. Rb2 c5 17. Nxb7 Ke7 18. Rcb1 Bxb7 19. Bxb7 Kd6 20. Bxa6 Rxb2 21. Rxb2 Ra8 22. Rd2+ Kc7 23. Bb5 Nb6 24. Rc2 1/2-1/2